Emojis - Famous people - Statistics

General Stats
  • This quiz has been taken 210 times
  • The average score is 8 of 16
Answer Stats
Hint Answer % Correct
πŸ’ͺπŸ‘¨β€πŸš€ Neil Armstrong
92%
πŸŽπŸ”­ Isaac Newton
68%
πŸ‘¨β€πŸ¦±πŸ“šπŸ”¬ Albert Einstein
61%
πŸ‘¨πŸΌβ€πŸ¦ΌπŸ“šβŒšοΈβš« Stephen Hawking
59%
πŸ””β˜ŽοΈ Alexander Graham Bell
58%
πŸŽ¨πŸŸ§πŸ”Ί Pablo Picasso
55%
πŸ§‘β€πŸ’»πŸ’° Bill Gates
50%
πŸ‘‘πŸš—πŸ’₯ Diana, Princess of Wales
47%
πŸŒŽβ›΅πŸ₯‡ Christopher Columbus
46%
πŸ€ͺπŸš€πŸ”ŒπŸš— Elon Musk
46%
πŸ§¬πŸ’πŸ§ Charles Darwin
44%
πŸ§β€β™‚οΈπŸŽΌ Ludwig van Beethoven
43%
🎩🚬✌️ Winston Churchill
38%
πŸ‘΄πŸ‘―β€β™€οΈπŸ‡ Hugh Hefner
32%
πŸ§¨πŸ† Alfred Nobel
30%
βœοΈπŸ”ƒπŸ William Shakespeare
9%
No matching quizzes found
Score Distribution
Percent of People with Each Score
Percentile by Number Answered
Your Score History
You have not taken this quiz